Statystyki dla Kogo to numer - polski rap #8

Kliknij tutaj aby rozwiązać quiz!

Ogólne statystyki

  • Ten quiz został rozwiązany 16 razy
  • Średni wynik to 3 z 10

Statystyki odpowiedzi

HintOdpowiedź% Poprawnych
NPCSzpaku
57%
Metalowy T-ShirtChivas
50%
domSzpaku | Kuban | Pezet | otsochodzi | Zeamsone | Solar
50%
Nie pytaj czy wniosę ten krzyżGuzior
43%
mapaolszakumpel
29%
MadrytOpał
21%
Tori BlackPRO8L3M
14%
pubschafter
14%
PLIKDZIARMA
7%
WenusTUZZA Globale
7%

Rozkład punktacji

Percentyl według liczby udzielonych odpowiedzi

Procent ludzi z każdym wynikiem

Twoja historia wyników

Nie rozwiązałeś tego quizu